=LDR 00000nam 2200000 4500 =001 INLIS000000000005150 =005 20130612093416 =008 ***********************************Ind** =035 ##$$0010-061300000005150 =041 ##$$a Ind =082 ##$$a 633.8 =090 ##$$a 633.8, San a =100 ##$$a SANTOSO, Hieronymus Budi =245 ##$$a Akar wangi, Bantuan dan penyulingan, Hieronymus Budi Santoso =260 ##$$a 1993 $b Yogyakarta =300 ##$$a 55 hlm, ilus, 21 cm =650 ##$$a Tanaman Industri =850 ##$$a NBPNMAT